000 00799nam a2200229Ia 4500
003 GCL
008 140319s9999 xx 000 0 ara d
040 _aGCL /
_cGCL
082 0 4 _a155.5
_bك ن
100 1 _aكمال دسوقى
245 1 0 _aالنمو التربوى للطفل والمراهق /
_cكمال دسوقى
260 _aالقاهرة :
_bدار النهضة العربية للطباعة والنشر ،
_c0
300 _a539ص ؛
_c24سم
650 0 4 _aعلم النفس
650 0 4 _aالانفعالات النفسية
650 0 4 _aعلم النفس الارتقائى
650 0 4 _aالنمو النفسى
650 0 4 _aالتوافق الاجتماعى
650 0 4 _aالمراهقة - علم نفس
650 0 4 _aالاطفال - علم نفس
942 _2ddc
_cBK
999 _c38698
_d38698